Ordenamiento ambiental turístico del territorio ubicado al oeste del barrio Carlos Fonseca de la ciudad del Crucero, Managua
Propuesta preliminar para el ordenamiento ambiental del municipio del crucero departamento de Managua, se presenta una caracterización general del asentamiento en cuanto a su ubicación dentro del territorio de Managua y condicionantes de seguimiento, además se realiza un diagnóstico de la situac...
| Main Authors: | , |
|---|---|
| Other Authors: | |
| Format: | Tesis Section = Libro |
| Language: | Undetermined Spanish |
| Published: |
Managua
UNI
2013
|
| Subjects: |
| LEADER | 01260nam a2200253Ia 4500 | ||
|---|---|---|---|
| 008 | 240830s9999 xx 000 0 und d | ||
| 040 | |a BIBLIOTECA-RUSB/ T.Mon 338.4791 L864 | ||
| 041 | |a spa | ||
| 082 | |a T.Mon 338.4791 L864 | ||
| 100 | 1 | |a López Narváez, Eliezer José | |
| 100 | 1 | |b Rivas Estrada, Ofilio Roberto | |
| 245 | 1 | 0 | |a Ordenamiento ambiental turístico del territorio ubicado al oeste del barrio Carlos Fonseca de la ciudad del Crucero, Managua |
| 260 | |a Managua |b UNI |c 2013 | ||
| 300 | |a 125 p. :il. | ||
| 502 | |a Tesis (Arquitecto) - UNI, 2013. | ||
| 520 | 3 | |a Propuesta preliminar para el ordenamiento ambiental del municipio del crucero departamento de Managua, se presenta una caracterización general del asentamiento en cuanto a su ubicación dentro del territorio de Managua y condicionantes de seguimiento, además se realiza un diagnóstico de la situación actual y síntesis de la problemática ambiental. | |
| 650 | 7 | |a TURISMO - PLANIFICACION Y DESARROLLO TURISTICO | |
| 650 | 7 | |b ORDENAMIENTO TERRITORIAL | |
| 650 | 7 | |c PROMOCION DEL TURISMO - NICARAGUA | |
| 650 | 7 | |d DESARROLLO SOSTENIBLE - PROYECTO - MUNICIPIO | |
| 700 | 1 | |a Tutor: |b Gómez Ortega, Graciela Dionides | |
| 942 | |c BK |2 ddc | ||
| 991 | |a TESIS | ||
| 999 | |c 21729 | ||